[Event "AUTO-OPEN-128"]
[Site "http://www.queenalice.com/game.php?id=24520"]
[Date "2005.8.17"]
[Round "1"]
[White "tango"]
[Black "Astronauta"]
[Result "1-0"]
[WhiteElo "1684"]
[BlackElo "1491"]

1. c4 e5 2. Nf3 Nc6 3. Nc3 Nf6 4. g3 d5 5. cxd5 Nxd5 6. Bg2 Bc5 7. O-O Nf6 8. d3
Bf5 9. a3 O-O 10. b4 Bb6 11. Bg5 a6 12. Rc1 h6 13. Bxf6 Qxf6 14. Nd5 Qd6 15.
Nxb6 cxb6 16. Nd2 Nd4 17. Bxb7 Ra7 18. Bg2 Rc7 19. Nc4 Qe6 20. e3 b5 21. exd4
bxc4 22. d5 Qd7 23. dxc4 Rfc8 24. c5 Rb8 25. d6 Rcc8 26. c6 Rxc6 27. Rxc6 e4 28.
Rxa6 Be6 29. Bxe4 Bc4 30. Qa4 Qe6 31. Ra8 Qxd6 32. Rd1 Qf8 33. Rxb8 Qxb8 34. Qa5
g6 35. Rd8+ Qxd8 36. Qxd8+ 1-0

[Event "AUTO-OPEN-128"]
[Site "http://www.queenalice.com/game.php?id=24521"]
[Date "2005.8.17"]
[Round "1"]
[White "Astronauta"]
[Black "tango"]
[Result "0-1"]
[WhiteElo "1591"]
[BlackElo "1608"]

1. e4 c6 2. d4 d5 3. e5 Bf5 4. Nf3 e6 5. Nc3 c5 6. dxc5 Bxc5 7. Bd3 Bxd3 8. Qxd3
Nd7 9. Be3 b6 10. Bg5 Ne7 11. a3 a5 12. Nb5 Qb8 13. Bf4 Ng6 14. Bg3 Ngxe5 15.
Qe2 f6 16. O-O O-O 17. Rfe1 Nxf3+ 18. Qxf3 Ne5 19. Qe2 Qb7 20. Bxe5 fxe5 21. Kh1
Bxf2 22. Rf1 Qc6 23. a4 Qc5 24. Ra3 Bd4 25. Nxd4 Qxd4 26. Ra2 Qd2 27. Qe1 Qxc2
28. Kg1 d4 29. Qxe5 Rxf1+ 30. Kxf1 Rf8+ 31. Ke1 Qc1+ 32. Ke2 Qf1+ 0-1

[Event "Challenge"]
[Site "http://www.queenalice.com/game.php?id=24742"]
[Date "2005.8.19"]
[Round "-"]
[White "MES_1988"]
[Black "tango"]
[Result "1-0"]
[WhiteElo "1394"]
[BlackElo "1619"]

1. e4 d6 2. Nc3 Nf6 3. Nf3 g6 4. Bc4 Bg7 5. O-O O-O 6. d3 c5 7. d4 cxd4 8. Nxd4
Nc6 9. Nf3 Bg4 10. h3 Bxf3 11. Qxf3 Ne5 12. Bxf7+ Rxf7 13. Qe2 Nh5 14. Nd5 e6
15. Ne3 Nf4 16. Qb5 Nxh3+ 17. gxh3 1-0

[Event "AUTO-OPEN-133"]
[Site "http://www.queenalice.com/game.php?id=25901"]
[Date "2005.8.25"]
[Round "1"]
[White "Gand"]
[Black "tango"]
[Result "1-0"]
[WhiteElo "1613"]
[BlackElo "1697"]

1. e4 e5 2. Nf3 Nf6 3. d4 exd4 4. e5 Ne4 5. Qxd4 d5 6. exd6 Nxd6 7. Nc3 Nc6 8.
Qf4 g6 9. Nd5 Bg7 10. Bc4 O-O 11. O-O Nxc4 12. Qxc4 Be6 13. Rd1 1-0

[Event "AUTO-OPEN-133"]
[Site "http://www.queenalice.com/game.php?id=25902"]
[Date "2005.8.25"]
[Round "1"]
[White "tango"]
[Black "Gand"]
[Result "0-1"]
[WhiteElo "1753"]
[BlackElo "1590"]

1. e4 e5 2. Nf3 Nc6 3. Bb5 Nf6 4. O-O Nxe4 5. d4 exd4 6. Re1 d5 7. Nxd4 Bd6 8.
Nxc6 Bxh2+ 9. Kh1 Qh4 10. Rxe4+ dxe4 11. Qd8+ Qxd8 12. Nxd8+ Kxd8 13. Kxh2 Bd7
0-1

[Event "AUTO-OPEN-133"]
[Site "http://www.queenalice.com/game.php?id=25923"]
[Date "2005.8.25"]
[Round "1"]
[White "tango"]
[Black "jcm"]
[Result "1-0"]
[WhiteElo "1788"]
[BlackElo "1640"]

1. e4 c5 2. Nf3 e6 3. d4 cxd4 4. Nxd4 a6 5. Bd3 b5 6. O-O Qc7 7. Be3 Nc6 8. a3
Bb7 9. Nc3 Bd6 10. Nxc6 Bxc6 11. f4 Nh6 12. e5 Be7 13. Bd4 O-O-O 14. a4 b4 15.
Bxa6+ Kb8 16. Nb5 Bxb5 17. Bxb5 Nf5 18. c3 h5 19. Bf2 h4 20. cxb4 h3 21. gxh3
Qb7 22. Ra3 Rdg8 23. Qxd7 Qxd7 24. Bxd7 g5 25. fxg5 Bxg5 26. Kh1 Bf4 27. Re1 Nh4
28. a5 Rg2 29. Bg3 Rxh2+ 30. Kxh2 Nf3+ 31. Rxf3 1-0

[Event "AUTO-OPEN-133"]
[Site "http://www.queenalice.com/game.php?id=25924"]
[Date "2005.8.25"]
[Round "1"]
[White "jcm"]
[Black "tango"]
[Result "0-1"]
[WhiteElo "1597"]
[BlackElo "1478"]

1. d4 f5 2. c4 e6 3. Nc3 Nf6 4. Bg5 Be7 5. Bxf6 Bxf6 6. e3 b6 7. Nf3 Bb7 8. Bd3
Nc6 9. O-O O-O 10. Re1 Nb4 11. Bb1 c5 12. a3 cxd4 13. exd4 Bxf3 14. Qxf3 Nc6 15.
d5 Nd4 16. Qd3 e5 17. Qh3 e4 18. Ne2 Qc7 19. Nxd4 Bxd4 20. Kf1 Qxc4+ 21. Kg1 Kh8
22. Kh1 Bxf2 23. Rf1 Qxf1# 0-1

[Event "AUTO-OPEN-173"]
[Site "http://www.queenalice.com/game.php?id=37677"]
[Date "2005.11.12"]
[Round "1"]
[White "tango"]
[Black "Artking"]
[Result "1-0"]
[WhiteElo "1451"]
[BlackElo "1554"]

1. Nf3 Nf6 2. c4 g6 3. Nc3 Bg7 4. e4 d6 5. d4 O-O 6. Be2 Nbd7 7. O-O e5 8. Be3
a6 9. d5 Qe8 10. b4 Nh5 11. c5 f5 12. exf5 gxf5 13. cxd6 cxd6 14. Rc1 f4 15. Bd2
Ndf6 16. Ng5 h6 17. Ne6 Bxe6 18. dxe6 Qg6 19. e7 Rfe8 20. Qb3+ Kh8 21. Qe6 Rg8
22. Qxd6 e4 23. Bxh5 Qxh5 24. Bxf4 Rae8 25. Qe6 Qg6 26. Nd5 Kh7 27. Nc7 Bf8 28.
exf8=N+ Rgxf8 29. Nxe8 Rxe8 30. Rc7+ Kh8 31. Re7 1-0

[Event "AUTO-OPEN-173"]
[Site "http://www.queenalice.com/game.php?id=37678"]
[Date "2005.11.12"]
[Round "1"]
[White "Artking"]
[Black "tango"]
[Result "0-1"]
[WhiteElo "1535"]
[BlackElo "1571"]

1. e4 e5 2. Nf3 Nf6 3. Nxe5 d6 4. Nxf7 Kxf7 5. Bc4+ d5 6. Bxd5+ Nxd5 7. Qh5+ g6
8. Qxd5+ Qxd5 9. exd5 Bf5 10. d3 Bb4+ 11. c3 Re8+ 12. Be3 Bd6 13. Kd2 Na6 14. f3
Re5 15. g4 Rae8 16. Re1 Rxe3 17. Rxe3 Bf4 18. gxf5 gxf5 19. Na3 Rxe3 20. c4
Rxf3+ 21. Kc3 Be5+ 0-1

[Event "AUTO-OPEN-173"]
[Site "http://www.queenalice.com/game.php?id=37679"]
[Date "2005.11.12"]
[Round "1"]
[White "tango"]
[Black "kapilgain"]
[Result "0-1"]
[WhiteElo "1471"]
[BlackElo "2047"]

1. d4 d5 2. c4 c6 3. Nf3 Nf6 4. Nc3 e6 5. e3 Nbd7 6. Qc2 Bd6 7. Bd3 O-O 8. O-O
dxc4 9. Bxc4 b5 10. Bd3 Bb7 11. Bd2 a6 12. Ng5 h6 13. Nge4 Bc7 14. Nxf6+ Nxf6
15. Ne4 Nxe4 16. Bxe4 Bd6 17. b3 Qe7 18. Rac1 Rac8 19. Ba5 f5 20. Bf3 c5 0-1

[Event "AUTO-OPEN-173"]
[Site "http://www.queenalice.com/game.php?id=37680"]
[Date "2005.11.12"]
[Round "1"]
[White "kapilgain"]
[Black "tango"]
[Result "1-0"]
[WhiteElo "1984"]
[BlackElo "1453"]

1. e4 e6 2. d4 d5 3. Nc3 Bb4 4. e5 Ne7 5. a3 Bxc3+ 6. bxc3 c5 7. Qg4 O-O 8. Bd3
Nbc6 9. Qh5 Ng6 10. Nf3 Nce7 11. Rb1 c4 12. Bxg6 Nxg6 13. Rb4 Qc7 14. O-O Bd7
15. Be3 b5 16. Rfb1 a6 17. Qg4 1-0

[Event "AUTO-OPEN-173"]
[Site "http://www.queenalice.com/game.php?id=37681"]
[Date "2005.11.12"]
[Round "1"]
[White "tango"]
[Black "melchior"]
[Result "0-1"]
[WhiteElo "1490"]
[BlackElo "1576"]

1. e4 d6 2. d4 Nf6 3. Nc3 Nbd7 4. Nf3 c5 5. Bc4 Nb6 6. Bb5+ Bd7 7. dxc5 dxc5 8.
O-O e6 9. Bg5 Be7 10. e5 Nfd5 11. Bxe7 Qxe7 12. Bxd7+ Qxd7 13. Ne4 O-O-O 14.
Nxc5 Qc6 15. Nd3 Nf4 16. Qe1 Nxd3 0-1

[Event "AUTO-OPEN-173"]
[Site "http://www.queenalice.com/game.php?id=37682"]
[Date "2005.11.12"]
[Round "1"]
[White "melchior"]
[Black "tango"]
[Result "1-0"]
[WhiteElo "1562"]
[BlackElo "1509"]

1. e4 e6 2. Nf3 d5 3. exd5 exd5 4. d4 Bd6 5. Nbd2 Nf6 6. Bd3 O-O 7. O-O Bg4 8.
h3 Bh5 9. c3 Nbd7 10. b3 Re8 11. Re1 Rxe1+ 12. Qxe1 Qf8 13. Ng5 Re8 14. Qf1 c5
15. g4 Bg6 16. Bxg6 1-0

[Event "AUTO-ADV-103"]
[Site "http://www.queenalice.com/game.php?id=37867"]
[Date "2005.11.14"]
[Round "1"]
[White "claudiofer"]
[Black "tango"]
[Result "1-0"]
[WhiteElo "1560"]
[BlackElo "1529"]

1. e4 e6 2. e5 d5 3. d4 c5 4. c3 Nc6 5. Nf3 Qb6 6. b4 cxb4 7. Be2 bxc3 8. Nxc3
Bb4 9. Qc2 Nxd4 10. Nxd4 Qxd4 11. Bb2 Bd7 12. O-O Rc8 13. Rad1 Rxc3 14. Bxc3
Qxc3 15. Rc1 Qxc2 16. Rxc2 Ba5 17. Rb1 Bb6 18. Bb5 1-0

[Event "AUTO-ADV-103"]
[Site "http://www.queenalice.com/game.php?id=37868"]
[Date "2005.11.14"]
[Round "1"]
[White "tango"]
[Black "claudiofer"]
[Result "0-1"]
[WhiteElo "1553"]
[BlackElo "1544"]

1. e4 e6 2. d4 Nf6 3. Nc3 d6 4. f4 Nc6 5. Nf3 Nd7 6. Bb5 a6 7. Bxc6 bxc6 8. O-O
Be7 9. Be3 O-O 10. Ng5 e5 11. Nf3 Bf6 12. dxe5 dxe5 13. f5 Rb8 14. Rb1 Qe7 15.
Qe2 a5 0-1

[Event "AUTO-ADV-103"]
[Site "http://www.queenalice.com/game.php?id=37887"]
[Date "2005.11.14"]
[Round "1"]
[White "tango"]
[Black "Mayaune"]
[Result "0-1"]
[WhiteElo "1461"]
[BlackElo "1664"]

1. e4 e5 2. Nf3 d6 3. d4 Nc6 4. dxe5 dxe5 5. Qxd8+ Kxd8 6. Bc4 Nf6 7. Ng5 Be6 8.
Bxe6 Nd4 9. Nxf7+ Ke7 10. Nxh8 Kxe6 11. Kd1 Bc5 12. Be3 Rxh8 13. c3 Nc2 14. Kxc2
Nxe4 15. Bxc5 Nxc5 0-1

[Event "AUTO-ADV-103"]
[Site "http://www.queenalice.com/game.php?id=37888"]
[Date "2005.11.14"]
[Round "1"]
[White "Mayaune"]
[Black "tango"]
[Result "1-0"]
[WhiteElo "1641"]
[BlackElo "1475"]

1. e4 e6 2. d4 d5 3. e5 c5 4. Nf3 Nc6 5. Bb5 Bd7 6. O-O cxd4 7. Bxc6 bxc6 8. Bg5
Qb6 9. b3 Bc5 10. Qd3 f6 11. exf6 Nxf6 12. Ne5 Qc7 13. Bxf6 gxf6 14. Nxd7 Qxd7
15. Nd2 O-O 16. Nf3 1-0